00445 2200169 4500245006800000020002200068250001100090100002000101700001100121650003200132005001900164260003300183041001400216084001100230300002500241336000900266 aEnsiklopedia Kerajaan Islam Di IndonesiacBinuko AmarsetohText a978-602-0862-04-0 aCet. 1 aBinuko Amarseto aKholiq aKerajaan Islam di Indonesia a20240912075905 aYogkartabIstana Mediac2015 aIndonesia a297.03 aviii+348 :c15 × 23 atext